Normal view
MARC view
Entry Personal Name
001 - CONTROL NUMBER
- control field: 14753
003 - CONTROL NUMBER IDENTIFIER
- control field: ARRUPE
005 - DATE AND TIME OF LATEST TRANSACTION
- control field: 20150129141349.0
008 - FIXED-LENGTH DATA ELEMENTS
- fixed length control field: 150129|| aca||aabn | a|a d
040 ## - CATALOGING SOURCE
- Original cataloging agency: ARRUPE
- Transcribing agency: ARRUPE
100 ## - HEADING--PERSONAL NAME
- Personal name: Romanell, Patrick,
- Dates associated with a name: 1912-
670 ## - SOURCE DATA FOUND
- Source citation: Work cat.: (ARRUPE)0: Croce, Benedetto, 1866-1952. 14751, Guide to aesthetics =, c1995.